Statistics for Countries of Napoleonic France (With Map!)

Click here to take the quiz!

General Stats

  • This quiz has been taken 10,252 times
    (9,450 since last reset)
  • The average score is 10 of 13

Answers on the Map

Answers color-coded by a green-red scale on the quiz's map according to % correct below.
 

Answer Stats

Country% Correct
France
100%
Denmark-Norway
99%
Spain
99%
Switzerland
95%
Austria
94%
Prussia
90%
Confederation
of the Rhine
89%
Italy
82%
Naples
73%
San Marino
73%
Danzig
60%
Warsaw
55%
Neuchâtel
11%

Score Distribution

Percentile by Number Answered

Percent of People with Each Score

Your Score History

You have not taken this quiz since the last reset